Brand Logos That Start with V - Statistics

General Stats
  • This quiz has been taken 2,753 times
  • The average score is 7 of 20
Answer Stats
Picture Answer % Correct
Volkswagen
95%
Volvo
88%
Visa
78%
Vans
76%
Virgin
70%
Versace
69%
Vodafone
52%
Victoria's Secret
29%
Vauxhall
28%
Verizon
28%
Vaio
23%
Valve
15%
Veet
14%
Valentino
13%
Vespa
13%
Victorinox
12%
Vileda
12%
Varta
8%
Vueling
8%
Vorwerk
3%
No matching quizzes found
Score Distribution
Percent of People with Each Score
Percentile by Number Answered
Your Score History
You have not taken this quiz